书目信息 |
| 书名: | Optimization issues in the design and cintril of large space structures | |
| 作者: | Manohar P.Kamat. | |
| 分册号: | ||
| 分册名: | 出版地: | New York : |
|
| 出版社: | American Society of Civil Engineers | |
| 出版时间: | 1985. | |
| 页数: | 59 p. ; | |
| 开本: | 20cm. | |
| 丛书名: | ||
| 中图分类号: | ||
| 科图分类号: | ||
| 其他分类号: | TV972-53 | |
| 主题词: | ||
| 电子资源: | ||
| 000 | 00424nam 2200133 a 4500 | |
| 001 | E0236527491 | |
| 005 | 2002051510084699 | |
| 008 | 020515s1985 00010 eng | |
| 040 | @aPFT@beng | |
| 090 | @aTV972-53 | |
| 099 | @dTV972-53@eK15 | |
| 245 | 1 | @aOptimization issues in the design and cintril of large space structures / @cManohar P.Kamat. |
| 260 | @aNew York :@bAmerican Society of Civil Engineers,@c1985. | |
| 300 | @a59 p. ;@c20cm. | |
| Optimization issues in the design and cintril of large space structures / / Manohar P.Kamat.-New York : : American Society of Civil Engineers, , 1985. |
| 59 p. ; ; 20cm. |
| ISBN |
| ● |
| 相关链接 |
|
|
|
正题名:Optimization issues in the design and ci
索取号:TV972-53/K15
 
预约/预借
| 序号 | 登录号 | 条形码 | 馆藏地/架位号 | 状态 | 备注 |
| 1 | 03672 | 300036725 | 自科库501/501自科库 48排7列3层/ [索取号:TV972-53/K15] | 在馆 | |
| 2 | 03673 | 300036734 | 自科库501/501自科库 48排7列3层/ [索取号:TV972-53/K15] | 在馆 |